| 000 | 00539nam a2200193Ia 4500 | ||
|---|---|---|---|
| 003 | IN-BaIIA | ||
| 008 | 211028s9999 xx 000 0 eng d | ||
| 040 | _cIIA Library | ||
| 080 |
_a530.1 _bCLA |
||
| 100 |
_aClayton, Roderick K _96893 |
||
| 245 | 0 |
_aLight and living matter _cRoderick K. Calyton |
|
| 260 |
_aNew York _bMcGraw-Hill _c1970 |
||
| 300 | _a148p. | ||
| 490 | _aChemistry - Biology interface series | ||
| 650 | _aAstronomy and astrophysics thesaurus | ||
| 650 |
_aPhotobiology _96894 |
||
| 650 |
_aPhysics _973 |
||
| 942 | _cBK | ||
| 999 |
_c3877 _d3877 |
||